Singapore industrial sourcing guide 2013.
| Format: | Book |
|---|---|
| Published: |
Singapore:
Singapore Information Services,
2013.
|
| Subjects: |
| LEADER | 00530cam a2200157 7i4500 | ||
|---|---|---|---|
| 001 | 0000029194 | ||
| 005 | 20131014090000.0 | ||
| 022 | 0 | 0 | |a 17931649 |
| 090 | 0 | 0 | |a SING 670.420255957 |b SIN |
| 245 | 0 | 0 | |a Singapore industrial sourcing guide 2013. |
| 260 | 0 | 0 | |a Singapore: |b Singapore Information Services, |c 2013. |
| 300 | # | # | |a 302 p. |
| 650 | 0 | 0 | |a Machinery -- |x Directories -- |z Singapore |
| 650 | 0 | 0 | |a Industrial equipment -- |x Directories -- |z Singapore |
| 651 | 0 | 0 | |a Singapore |
| 999 | |a B000032952 |b Directories |c Countries |e Business Information Centre | ||